UEFA U19 European Championship Host Cities 1948-2027 - Statistics

General Stats
  • This quiz has been taken 4 times
  • The average score is 42 of 272
Answer Stats
Edition City % Correct
Netherlands 1949 | Netherlands 1964 Amsterdam
75%
West Germany 1954 Bonn
75%
West Germany 1954 | West Germany 1981 Cologne
75%
England 1948 | England 1963 | England 1983 London
75%
France 1951 | France 1968 Nice
75%
Netherlands 1949 | Netherlands 1964 Rotterdam
75%
West Germany 1965 West Berlin
75%
Belgium 1953 | Belgium 1977 Antwerp
50%
Spain 1952 | Spain 1972 Barcelona
50%
Northern Ireland 2005 | Northern Ireland 2024 Belfast
50%
Yugoslavia 1966 Beograd
50%
Switzerland 1975 Bern
50%
Belgium 1953 Bruges
50%
Belgium 1953 | Belgium 1977 Brussels
50%
Romania 1962 Bucharest
50%
Hungary 1976 | Hungary 2014 Budapest
50%
Hungary 1990 Debrecen
50%
West Germany 1981 Duisberg
50%
West Germany 1965 Duisburg
50%
West Germany 1965 | West Germany 1981 Dusseldorf
50%
Belgium 1953 Ghent
50%
Finland 1982 | Finland 2001 Helsinki
50%
Lithuania 2013 Kaunas
50%
Poland 1978 Krakow
50%
Belgium 1953 Liege
50%
Austria 2007 Linz
50%
Portugal 1961 Lisbon
50%
France 1951 Monaco
50%
Soviet Union 1984 Moscow
50%
Portugal 1961 Porto
50%
Czech Republic 2008 | Czechoslovakia 1971 Prague
50%
Germany 2000 | Germany 2016 Stuttgart
50%
Estonia 2012 Tallinn
50%
Finland 2001 Tampere
50%
Georgia 2017 Tbilisi
50%
Netherlands 1949 | Netherlands 1964 Utrecht
50%
Austria 1950 | Austria 1960 | Austria 1979 Vienna
50%
Armenia 2019 Yerevan
50%
West Germany 1965 | West Germany 1981 Bochum
25%
France 1951 | France 1968 Cannes
25%
Belgium 1977 Charleroi
25%
Norway 2002 Drammen
25%
East Germany 1969 Dresden
25%
Luxembourg 1958 Esch-sur-Alzette
25%
Italy 1973 Florence
25%
West Germany 1954 | West Germany 1965 Gelsenkirchen
25%
Scotland 1970 Glasgow
25%
Netherlands 1949 Haarlem
25%
Sweden 1974 Helsingborg
25%
Netherlands 1949 Hilversum
25%
Turkey 1967 Istanbul
25%
East Germany 1969 Karl-Marx Stadt
25%
Finland 1982 Lahti
25%
Greece 2015 Larissa
25%
Cyprus 1998 Larnaca
25%
Switzerland 2004 Lausanne
25%
East Germany 1969 | East Germany 1980 Leipzig
25%
Luxembourg 1958 Luxembourg City
25%
Spain 1957 Madrid
25%
Sweden 1974 Malmo
25%
Belgium 1953 Mons
25%
Belgium 1953 Namur
25%
Sweden 1999 Norrkoping
25%
England 1993 Nottingham
25%
Germany 2000 Nuremburg
25%
Norway 2002 Oslo
25%
Israel 2027 Petah Tikva
25%
Czech Republic 2008 Plzen
25%
Iceland 1997 Reykjavik
25%
Bulgaria 1959 Sofia
25%
Yugoslavia 1986 Subotica
25%
Netherlands 1949 | Netherlands 1964 The Hague
25%
Germany 2016 Ulm
25%
Spain 1972 Valencia
25%
Finland 2001 Vantaa
25%
West Germany 1954 | West Germany 1965 Wuppertal
25%
Germany 2016 Aalen
0%
Belgium 1953 Aalst
0%
Switzerland 2004 Aarau
0%
Israel 2027 Afula
0%
Germany 2000 Aichach
0%
Lithuania 2013 Alytus
0%
Germany 1992 Amberg
0%
Germany 2000 Ansbach
0%
Germany 2016 Aspach
0%
Germany 2000 Augsburg
0%
Cyprus 1998 Ayia Napa
0%
Scotland 1970 Ayr
0%
Yugoslavia 1986 Backa Topola
0%
Spain 1994 Badajoz
0%
West Germany 1954 Bad Godesberg
0%
West Germany 1954 Bad Honnef
0%
West Germany 1954 Bad Neuenahr
0%
Norway 2002 Baerum
0%
Northern Ireland 2005 Ballymena
0%
Liechtenstein 2003 Balzers
0%
Germany 1992 Bamberg
0%
Slovakia 2022 Banska Bystrica
0%
France 2010 Bayeux
0%
Germany 1992 Bayreuth
0%
Hungary 1990 Bekescsaba
0%
Romania 2011 Berceni
0%
West Germany 1954 Bergisch Gladbach
0%
France & Luxembourg 1996 Besancon
0%
Belgium 1953 Boom
0%
Romania 2011 Buftea
0%
Switzerland 1975 Bulle
0%
France 2010 Caen
0%
Yugoslavia 1986 Cantavir
0%
Romania 2011 Chiajna
0%
Netherlands 1949 | Netherlands 1964 Den Bosch
0%
Cyprus 1998 Deryneia
0%
Belgium 1953 Diest
0%
Germany 2000 Donauworth
0%
Ukraine 2009 Dontetsk
0%
Netherlands 1964 Dordrecht
0%
Slovakia 2022 Dunajska Streda
0%
West Germany 1965 Emmerich
0%
West Germany 1954 Engers
0%
Liechtenstein 2003 Eschen
0%
West Germany 1965 Essen
0%
West Germany 1954 Euskirchen
0%
Hungary 2014 Felcsut
0%
France 2010 Flers
0%
Germany 2000 Forst
0%
Switzerland 2004 Fribourg
0%
Czechoslovakia 1988 Frydek-Mistek
0%
East Germany 1980 Gera
0%
Georgia 2017 Gori
0%
Poland 2006 Grodzisk Wielkopolski
0%
Germany 2000 Gundelfingen
0%
Hungary 2014 Gyor
0%
Hungary 1990 Gyula
0%
Estonia 2012 Haapsalu
0%
Iceland 1997 Hafnarfjordur
0%
West Germany 1965 Hagen
0%
Belgium 1953 | East Germany 1969 | East Germany 1980 Halle
0%
Finland 1982 Hameenlinna
0%
Germany 1992 Hassfurt
0%
Germany 2016 Heidenheim
0%
Germany 2000 Heilbronn
0%
Norway 2002 Honefoss
0%
Czech Republic 2008 Jablonec nad Nisou
0%
West Germany 1954 Kalk
0%
Greece 1995 | Greece 2015 Katerini
0%
West Germany 1954 Kolbenz
0%
Norway 2002 Kongsvinger
0%
Czechoslovakia 1988 Koprivnice
0%
Belgium 1953 Kortrijik
0%
Switzerland 2004 Kriens
0%
Yugoslavia 1986 Kula
0%
Sweden 1974 Landskrona
0%
Northern Ireland 2024 Larne
0%
Belgium 1953 Leuven
0%
Czech Republic 2008 Liberec
0%
Belgium 1953 Lier
0%
Norway 2002 Lillestrom
0%
West Germany 1954 Limburg an der Lahn
0%
Sweden 1999 Linkoping
0%
Germany 2000 Ludwigsburg
0%
Sweden 1974 Lund
0%
Northern Ireland 2005 Lurgan
0%
Germany 2000 | Germany 2016 Mannheim
0%
Lithuania 2013 Marijampole
0%
Ukraine 2009 Mariupol
0%
West Germany 1965 Marl
0%
Belgium 1953 Mechelen
0%
West Germany 1954 Mechernich
0%
Spain 1994 Merida
0%
Czech Republic 2008 Mlada Boleslav
0%
Romania 2011 Mogosoaia
0%
France 2010 Mondeville
0%
Italy 1973 Montecatini Terme
0%
Norway 2002 Moss
0%
Northern Ireland 2005 Newry
0%
Belgium 1953 Nivelles
0%
Germany 1992 | Germany 2000 Nordlingen
0%
Germany 1992 Nurnberg
0%
Hungary 1990 Nyiregyhaza
0%
Switzerland 2004 Nyon
0%
West Germany 1965 Oberhausen
0%
West Germany 1954 Olpe
0%
Switzerland 1975 Olten
0%
Czechoslovakia 1988 Opava
0%
Malta 2023 Paola
0%
Hungary 2014 Papa
0%
Cyprus 1998 Paralimni
0%
Austria 2007 Pasching
0%
Bulgaria 1959 Pernik
0%
Poland 2006 Pobiedziska
0%
England 1963 Portsmouth
0%
Poland 2006 Poznan
0%
Czech Republic 2008 Pribram
0%
Estonia 2012 Rakvere
0%
Germany 1992 Regensburg
0%
Israel 2027 Rehovot
0%
Germany 2016 Reutlingen
0%
West Germany 1965 Rheydt
0%
Austria 2007 Ried
0%
Luxembourg 1958 Rodange
0%
Belgium 1953 Ronse
0%
France 2010 Saint-Lo
0%
Germany 2016 Sandhausen
0%
Liechtenstein 2003 Schaan
0%
Germany 2000 Schwabisch Gmund
0%
Germany 1992 Schwandorf
0%
Germany 1992 Schweinfurt
0%
Finland 2018 Seinajoki
0%
Slovakia 2022 Senec
0%
Yugoslavia 1986 Senta
0%
West Germany 1954 Siegburg
0%
Germany 2000 | Germany 2016 Sinsheim
0%
Yugoslavia 1986 Sombor
0%
England 1963 Southampton
0%
Austria 2007 Steyr
0%
Austria 1950 Stockerau
0%
Poland 2006 Swarzedz
0%
Poland 2006 Szamotuly
0%
Hungary 1990 Szarvas
0%
Malta 2023 Ta'Qali
0%
Austria 1950 Teplice
0%
Belgium 1953 Termonde
0%
Belgium 1953 Tienen
0%
Liechtenstein 2003 Triesen
0%
Slovakia 2022 Trnava
0%
Israel 2027 Umm al-Fahm
0%
Finland 2018 Vaasa
0%
Liechtenstein 2003 Vaduz
0%
Finland 2001 Valkeakoski
0%
Greece 2015 Veria
0%
Belgium 1953 Verviers
0%
Germany 1992 Vestenbergsgreuth
0%
Italy 1973 Viareggio
0%
Belgium 1953 Vilvoorde
0%
Czechoslovakia 1988 Vsetin
0%
England 1948 | England 1983 Watford
0%
Poland 2006 Wronki
0%
Malta 2023 Xewkija
0%
Netherlands 1949 Zeist
0%
Slovakia 2022 Ziar nad Hronom
0%
No matching quizzes found
Score Distribution
Percent of People with Each Score
Percentile by Number Answered
Your Score History
You have not taken this quiz